000 00366nam a2200157Ia 4500
008 150509s9999 xx 000 0 und d
082 _a331.252 MIT
100 _aMitchell, John Keith
245 _aPension Schemes
260 _aLondon:
260 _bStone & Cox
260 _c1968
300 _a107p. ;21cm
500 _aIndex
650 _aPensionslabor economics
999 _c5829
_d5829